000 00456nam a22001337a 4500
082 _a005.1
100 _aJaved, Rakhshenda (MSCS-17)
_9121426
245 _aForward Looking Infrared Video Stabilization through Deformable Gaussian Mixture Model /
_cRakhshenda Javed
260 _aRawalpindi
_b MCS-NUST,
_c2013
300 _a64p
650 _aComputer Software Engineering - Infrared Vedio
_935051
700 _aDr. Naveed Iqbal
_935052
942 _2ddc
_cTHE
999 _c608315
_d608315